التعليق على نصوص الشفعة في القانون المدني / (رقم التسجيلة. 1718)
[ عرض عادي ]
| 000 -الفاتح | |
|---|---|
| عناصر البيانات ثابتة الطول | 00874cam a2200205 i 4500 |
| 005 - تاريخ ووقت آخر معاملة | |
| حقل ضبط | 20260127101229.0 |
| 008 - عناصر البيانات ثابتة الطول | |
| عناصر البيانات ثابتة الطول | 250721s1985 ua gr 000 0 ara d |
| 020 ## - الترقيم الدولي المعياري للكتب (ردمك) | |
| الترقيم الدولي المعياري للكتب (ردمك) | 9771032186 |
| 082 14 - رقم تصنيف ديوي العشري | |
| رقم التصنيف | 347 |
| رقم المادة | ع ب د |
| 100 1# - مدخل رئيسي – اسم شخصي | |
| الاسم الشخصي | أبو غدير، عبد العزيز محمد |
| علاقة الشخص بالعمل/ دوره | مؤلف. |
| 245 12 - بيان العنوان | |
| العنوان | التعليق على نصوص الشفعة في القانون المدني / |
| بيان المسؤولية | المستشار عبد العزيز محمد أبو غدير. |
| 264 31 - بيانات النشر، التوزيع…إلخ | |
| مكان النشر، التوزيع...إلخ | الإسكندريه : |
| اسم الناشر، الموزع...إلخ | منشأة المعارف، |
| تاريخ النشر، التوزيع...إلخ | 1985. |
| 300 ## - الوصف المادي | |
| عدد الوحدات المكونة للوعاء | 268 صفحة. |
| 490 0# - بيان السلسلة | |
| عنوان السلسلة | الكتب القانونية. |
| 500 ## - ملاحظات عامة | |
| ملاحظات عامة | يشتمل على شرح كل نص و أعماله التحضيرية و أحكام محكمة النقض حتى آخر يونيو 1985. |
| 650 17 - مدخل إضافي بالموضوع - مصطلح موضوعي | |
| مصطلح موضوعي أو اسم جغرافي كعنصر مدخل | القانون المدني. |
| 650 17 - مدخل إضافي بالموضوع - مصطلح موضوعي | |
| مصطلح موضوعي أو اسم جغرافي كعنصر مدخل | حق الشفعة. |
| 942 ## - بيانات إضافية (كوها) | |
| نوع التنصيف | Dewey Decimal Classification |
| نوع المادة (كوها) | كتب |
| حالة السحب | حالة الفقدان | مصدر التصنيف | حالة التلف | غير قابل للإعارة | المكتبة الرئيسية | المكتبة الحالية | موقع الرف | تاريخ التزويد | الرقم المتسلسل | Total Checkouts | رقم الإستدعاء | الباركود | تاريخ آخر ظهور | تاريخ الفاتورة | نوع المادة (كوها) |
|---|---|---|---|---|---|---|---|---|---|---|---|---|---|---|---|
| Dewey Decimal Classification | المكتبة المركزية | المكتبة المركزية | الإعارة | 06/07/2004 | 116086 | 347 / ع ب د | 116086 | 28/07/2025 | 06/07/2004 | كتب |